02520nam a22003017a 450000500170000001000150001702000260003202000230005803500130008103700130009408200130010710000240012024500680014424600240021226000440023627000460028030000290032650000190035552010650037452004750143965000390191465000210195365000260197465000360200094200270203699900170206395201380208020140826111039.0 aENG-110631 c850.00a9789339213046 c850.00a9339213041 aEN-94163 bDBAD/PUB a005.7565 aMclaughlin, Michael aOracle Database 12c PL/SQL programming /cby Michael McLaughlin a PL/SQL programming aNew DelhibMcGraw Hill Education c2014 aP-24, Green Park Extn.bNew Delhie110016 axxxiii,1154p.c25cm(pbk) aIncludes index a "A complete update of the essential desktop reference for PL/SQL, rewritten and expanded by to highlight the massive changes in Oracle Database 12c. Written by an Oracle ACE, Oracle Database 12c PL/SQL Programming offers in-depth information on the entire PL/SQL language and its extensibility to develop applications. With full coverage of the latest features and tools, this Oracle Press guide provides examples of web applications in native PL/SQL, JSP, and PHP. The book explains how to access and modify database information, construct powerful PL/SQL statements, execute effective queries, and deploy security. A Netflix case study example is used throughout the book as the basis for all coding examples. This enables application design consideration, data types, structures, and coding approaches to build an integrated view of the PL/SQL programming language. The examples collectively provide you with both a reference to how various programming concepts work and how components fit together to solve real-world problems"-- |c Provided by publisher. aDevelop, debug, and administer robust database programs. Filled with detailed examples and expert strategies from an Oracle ACE, Oracle Database 12c PL/SQL Programming explains how to retrieve and process data, write PL/SQL statements, execute effective queries, incorporate PHP and Java, and work with dynamic SQL. Code testing, security, and object-oriented programming techniques are fully covered in this comprehensive Oracle Press guide"-- |c Provided by publisher. aPL/SQL (Computer program language) aDatabase design. a Database management. a Debugging in computer science. 2ddccENmMCLh005.7565 c87779d87779 001040718NFICaDBADbDBADd2014-08-11eDBAD/PUBg850.00l0o005.7565 MCLpEN-94163r2014-08-11 00:00:00t1v850.00w2014-08-11yEN